000 00592nam a2200181 a 4500
001 000040014
005 20201002033850.0
008 130802s2005 mx 000 0 spa d
020 _a9703223842
100 1 _aTorrez Bodel, Jaime
_966243
245 1 0 _aMargarita de niebla /
_cJaime Torres Bodel ; introducción Juan Coronado.
260 _aMéxico :
_bUniversidad Nacional Autónoma de México,
_c2005.
300 _a101 p. ;
_c18 cm.
490 1 _aRelato Licenciado Vidriera
_v29
700 1 _aCoronado, Juan
_966228
830 0 _aRelato Licenciado Vidriera
_v29
_966234
999 _c39504
_d39504
040 _aDO-SdBNP